Créer des personnages de films et de séries : Du protagoniste à l'adjuvant : méthodes, conseils et techniques d'écriture du scénariste (notice n° 2186465)
[ vue normale ]
| 000 -LEADER | |
|---|---|
| fixed length control field | 01427cam a2200133 4500500 |
| 005 - DATE AND TIME OF LATEST TRANSACTION | |
| control field | 20260405064233.0 |
| 041 ## - LANGUAGE CODE | |
| Language code of text/sound track or separate title | fre |
| 042 ## - AUTHENTICATION CODE | |
| Authentication code | dc |
| 100 10 - MAIN ENTRY--PERSONAL NAME | |
| Personal name | Cotte, Olivier |
| Relator term | author |
| 245 00 - TITLE STATEMENT | |
| Title | Créer des personnages de films et de séries : Du protagoniste à l'adjuvant : méthodes, conseils et techniques d'écriture du scénariste |
| 260 ## - PUBLICATION, DISTRIBUTION, ETC. | |
| Name of publisher, distributor, etc. | Armand Colin,<br/> |
| Date of publication, distribution, etc. | 2022.<br/> |
| 520 ## - SUMMARY, ETC. | |
| Summary, etc. | Cet ouvrage explique comment créer de bons personnages, c’est à-dire des personnages forts, qui fascineront le spectateur et l’inviteront à partager l’histoire de manière intérieure. Illustré de nombreux exemples issus du cinéma, de la télévision ou de la littérature, il présentera différentes approches et techniques permettant d’atteindre cet objectif : utiliser des méthodes analytiques, se référer à des modèles existants, utiliser des archétypes, bien concevoir leurs interactions, les regrouper en familles, aller à contre-sens de la culture commune, ajouter des détails qui sonnent vrais, travailler leur complexité, hiérarchiser leur importance, être en mesure de les résumer en un mot unique, développer notre sens de l’observation dans la vie de tous les jours pour y trouver notre inspiration, les doter de forces et de fragilités ou de faiblesses, etc. |
| 856 41 - ELECTRONIC LOCATION AND ACCESS | |
| Uniform Resource Identifier | <a href="https://shs.cairn.info/creer-des-personnages-de-films-et-de-series--9782200631468?lang=fr&redirect-ssocas=7080">https://shs.cairn.info/creer-des-personnages-de-films-et-de-series--9782200631468?lang=fr&redirect-ssocas=7080</a> |
Pas d'exemplaire disponible.




Réseaux sociaux